Normale Ansicht MARC-Ansicht ISBD

Upročenie sovetskoj vlasti v tul`skoj gubernii : (Titelsatznr. 53581)

[ MARC ]
MARC-Details
000 -Satzkennung
Kontrollfeld mit fester Länge 00768nam a22002651c 4500
001 - Kontrollnummer
Kontrollfeld a987691393
008 - Feld mit fester Länge zur physischen Beschreibung - Allgemeine Angaben
Kontrollfeld mit fester Länge 190225s1961 gw |||| 000u rus d
041 ## - Sprachcode
Sprachcode des Textes/der Tonspur oder des separaten Titels rus
040 ## - Katalogisierungsquelle
Übertragungsstelle RU-10907106
003 - Kontrollnummer Identifier
Kontrollfeld RU-10907106
245 00 - Titel
Titel Upročenie sovetskoj vlasti v tul`skoj gubernii :
Zusatz zum Titel sbornik dokumentov i materialov, god 1918
264 ## - Produktion, Veröffentlichung, Distribution, Herstellung und Urheberrechtsvermerk
Herstellungs-, Veröffentlichungs- Vertriebs-, Erzeugungsort Tula :
Produzent, Herausgeber, Distributor, Hersteller Tul`skoe Knižnoe Isdatel`stvo,
Datum der Herstellung, der Veröffentlichung, des Vertriebs oder des Urheberschutzvermerks 1961
300 ## - Physische Beschreibung
Umfang 437 Seiten
650 #0 - Nebeneintragung unter einem Schlagwort - Sachschlagwort
Sachschlagwort oder geografischer Name als Eintragungselement Sowjetisierung
650 #0 - Nebeneintragung unter einem Schlagwort - Sachschlagwort
Sachschlagwort oder geografischer Name als Eintragungselement Wirtschaft
650 #0 - Nebeneintragung unter einem Schlagwort - Sachschlagwort
Sachschlagwort oder geografischer Name als Eintragungselement Landwirtschaft
650 #0 - Nebeneintragung unter einem Schlagwort - Sachschlagwort
Sachschlagwort oder geografischer Name als Eintragungselement Industrie
651 #0 - Nebeneintragung unter einem Schlagwort - Geografischer Name
Geografischer Name Sowjetunion
651 #0 - Nebeneintragung unter einem Schlagwort - Geografischer Name
Geografischer Name Tula
655 #0 - Indexierungsterm - Genre/Form
Genre/Form oder fokussierter Term Quelle
710 2# - Nebeneintragung - Körperschaftsname
Körperschafts- oder Gebietskörperschaftsname als Eintragungselement Archivnyj otdel UVD Tul'skoj oblasti
710 2# - Nebeneintragung - Körperschaftsname
Körperschafts- oder Gebietskörperschaftsname als Eintragungselement Tul`skij oblastnoj partijnyj archiv
710 2# - Nebeneintragung - Körperschaftsname
Körperschafts- oder Gebietskörperschaftsname als Eintragungselement Gosudarstvennyj archiv Tul`skoj Oblasti
942 ## - Zusätzliche Felder (Koha)
Koha-Medientyp Monographien
Exemplare
Ausgeschieden Verloren Klassifikation oder Aufstellungssystematik Beschädigt Nicht entleihbar Heimatbibliothek Aufenthaltsbibliothek Aufstellungsort Erwerbungsdatum Inventarnummer Signatur Barcode Letzte Aktivität Preis gültig von Koha-Medientyp
    Andere/Generische Klassifikation     MWN Osteuropa MWN Osteuropa Magazin - 2 25/02/2019 19-00864 R 61 ec Dok E00401506CBDEE11 23/02/2021 22/03/2021 Monographien